| 000 | 00647nam a2200229 a 4500 | ||
|---|---|---|---|
| 008 | |||
| 020 | _a? | ||
| 049 | _aMAIN | ||
| 090 |
_aQM601 _bALL |
||
| 100 | 1 | _aAllan, Frank D. | |
| 245 | 1 | 0 |
_aEssentials of human embryology / _bFrank D. Allan. |
| 260 |
_aNew York : _bOxford University Press, _c1960. |
||
| 300 |
_axiii, 225 p. : _bill. ; _c29 cm. |
||
| 500 | _aIncludes index. | ||
| 504 | _aIncludes bibliographical references. | ||
| 650 | 1 | _aHuman Embryology. | |
| 907 |
_a.b10271065 _b05-11-09 _c05-11-09 |
||
| 003 | |||
| 005 | 20230123125001.0 | ||
| 040 | _cNUST | ||
| 942 |
_cBOOKS _kQM601 _mALL |
||
| 999 |
_c133675 _d133675 |
||